000
00314nam a2200109Ia 4500
008
200302s9999 xx 000 0 und d
100
_a
Christian W. Thomsen
245
_a
Visionary Architecture From Babylon to Virtual Reality
260
_b
Prestel-Verlag are Distributed Worldwide
260
_c
1994
300
_a
191 P.,
999
_c
997
_d
997